|
|
|
|
| LEADER |
00000nam a2200000 a 4500 |
| 001 |
vtls001119521 |
| 003 |
SK-MaSNL |
| 005 |
20260301055705.0 |
| 008 |
180815s1984 xo 0 slo |
| 015 |
|
|
|a SNBA1984/09
|
| 020 |
|
|
|c 10,50 Kčs. (300 výtl.)
|
| 035 |
|
|
|a SNK000062364
|
| 040 |
|
|
|a SNK
|b slo
|c SNK
|e AACR2
|
| 041 |
0 |
|
|a slo
|
| 044 |
|
|
|a xo
|c SK
|
| 080 |
|
|
|a 541.1(075.8)(076.5)
|2 1981
|
| 100 |
1 |
|
|a Kopecký, František,
|d 1938-
|4 aut
|9 224687
|
| 245 |
0 |
|
|a Praktické cvičenia z fyzikálnej chémie
|b pre študentov farmácie
|c František Kopecký
|
| 250 |
|
|
|a 1. vyd.
|
| 260 |
|
|
|a Bratislava
|b Univerzita Komenského
|c 1984
|e Bratislava
|f Polygrafické stredisko UK
|
| 300 |
|
|
|a 200 s.
|b grafy, sch., tab.
|c 29 cm
|
| 490 |
1 |
|
|a Vysokoškolské skriptá
|
| 504 |
|
|
|a Obsahuje bibliografiu
|
| 650 |
0 |
7 |
|a fyzikálna chémia
|2 SNKPH
|9 848
|
| 655 |
|
7 |
|a učebnice vysokých škôl
|2 SNKPH
|9 70191
|
| 655 |
|
7 |
|a praktické cvičenia
|2 SNKPH
|9 70517
|
| 700 |
1 |
|
|a Greksáková, Olga,
|d 1937-
|4 aut
|9 204284
|
| 700 |
1 |
|
|a Chmulíková, Katarína
|4 aut
|9 60560
|
| 700 |
1 |
|
|a Pauček, Milan,
|d 1927-
|4 aut
|9 39379
|
| 700 |
1 |
|
|a Pišák, Milan
|4 aut
|9 369714
|
| 700 |
1 |
|
|a Polášek, Ermin,
|d 1933-
|4 aut
|9 227472
|
| 700 |
1 |
|
|a Vojteková, Mária,
|d 1946-
|4 aut
|9 227457
|
| 830 |
|
0 |
|a Vysokoškolské skriptá
|9 276440
|
| 958 |
|
|
|a OND
|
| 958 |
|
|
|a NB
|
| 958 |
|
|
|a RM
|
| 958 |
|
|
|a UV
|
| 999 |
|
|
|c 613952
|d 615882
|
| 952 |
|
|
|a SNK
|b SNK
|y PREZ
|7 0
|p 17A0781978
|o snkSB 35648
|0 0
|1 0
|4 0
|d 2012-03-21
|f 1
|l 0
|r 2025-04-11 00:00:00
|w 2026-02-23
|
| 952 |
|
|
|t P60, <04>, [BOOK], {604}
|a SNK
|b SNK
|y VYP
|7 0
|p 17A0035071
|o snkSB 35648 D1
|0 0
|1 0
|4 0
|d 1997-02-05
|l 0
|r 2004-12-31 00:00:00
|w 2026-02-23
|